Increasing the bundle of lands rights for schools in Trans-Nzoia County - Kenya / (Record no. 13692)

000 -LEADER
fixed length control field 00434nam a2200133 4500
008 - FIXED-LENGTH DATA ELEMENTS--GENERAL INFORMATION
fixed length control field 160812b xxu||||| |||| 00| 0 eng d
020 ## - INTERNATIONAL STANDARD BOOK NUMBER
International Standard Book Number 9789966192806
100 ## - MAIN ENTRY--PERSONAL NAME
Personal name Lukalo, Fibian
245 ## - TITLE STATEMENT
Title Increasing the bundle of lands rights for schools in Trans-Nzoia County - Kenya /
Statement of responsibility, etc. Fabian Lukalo [and] David Kipchoge ; Land and Schooling Research Project, National Land Commission.
260 ## - PUBLICATION, DISTRIBUTION, ETC. (IMPRINT)
Place of publication, distribution, etc. Nairobi :
Name of publisher, distributor, etc. Government Press,
Date of publication, distribution, etc. 2016.
300 ## - PHYSICAL DESCRIPTION
Extent v, 45p. :
Other physical details ill. (some col.) ;
Dimensions 23 cm.
650 ## - SUBJECT ADDED ENTRY--TOPICAL TERM
Topical term or geographic name as entry element Public schools
General subdivision Kenya
Chronological subdivision Trans Nzoia District.
650 ## - SUBJECT ADDED ENTRY--TOPICAL TERM
Topical term or geographic name as entry element Land use
General subdivision Law and legislation
Chronological subdivision Kenya
Geographic subdivision Trans Nzoia District.
650 ## - SUBJECT ADDED ENTRY--TOPICAL TERM
Topical term or geographic name as entry element Land use
General subdivision Kenya
Chronological subdivision Trans Nzoia District.
700 ## - ADDED ENTRY--PERSONAL NAME
Personal name Kipchoge, David
942 ## - ADDED ENTRY ELEMENTS (KOHA)
Source of classification or shelving scheme
Koha item type Africana (Books)
Holdings
Withdrawn status Lost status Source of classification or shelving scheme Damaged status Not for loan Home library Current library Shelving location Date acquired Source of acquisition Total Checkouts Full call number Barcode Date last seen Price effective from Koha item type
          MACHAKOS UNIVERSITY LIBRARY MACHAKOS UNIVERSITY LIBRARY Africana 12/08/2016 Donation (National Lands Commission)   HT167 .L85 2016 24928 12/08/2016 12/08/2016 Africana (Books)
          MACHAKOS UNIVERSITY LIBRARY MACHAKOS UNIVERSITY LIBRARY Short Loan 12/08/2016 Donation (National Lands Commission)   HT167 .L85 2016 24929 12/08/2016 12/08/2016 Short Loan Books
© Machakos University Library, Along The Highway, Machakos Wote Rd, Machakos, Kenya P.O. Box 136 - 90100 Machakos - Kenya

Tel: ( +254 ) 723 805829 OR Fax : 044-20353 OR Email: library@mksu.ac.ke